Walk off the Earth Discography - Statistics

General Stats
  • This quiz has been taken 3 times
    2 since last reset
  • The average score is 9 of 18
Answer Stats
Type Year Name % Correct
Album 2019 Here We Go!
100%
Album 2021 Meet You There
100%
EP 2012 R.E.V.O.
100%
Album 2013 R.E.V.O.
100%
Soundtrack 2017 Taekwondo (Original Motion Picture Soundtrack)
100%
Holiday EP 2014 A Walk Off the Earth Christmas
50%
Holiday EP 2017 Holiday Beard Ballads, Vol. 1
50%
Album 2010 My Rock
50%
Album 2015 Sing It All Away
50%
EP 2015 Sing It All Away
50%
Album 2007 Smooth Like Stone on a Beach
50%
Holiday EP 2018 Subscribe to the Holidays
50%
Album 2012 Vol. 1
50%
EP 2017 Beard Ballads, Vol. 1
0%
EP 2013 iTunes Session
0%
Album 2021 Romeo Eats Vol. 1
0%
Album 2022 Romeo Eats Vol. 2
0%
Album 2012 Vol. 2
0%
No matching quizzes found
Score Distribution
Percent of People with Each Score
Percentile by Number Answered
Your Score History
You have not taken this quiz since the last reset